Städte - ZDF Wetterkarte - Statistiken

Allgemein
  • Dieses Quiz wurde 165 mal gespielt
    35 seit der letzten Aktualisierung
  • Das Durchschnittsergebnis liegt bei 6 aus 10
Antwortstatistiken
Stadt % Korrekt
Berlin
100%
München
100%
Hamburg
96%
Stuttgart
91%
Kiel
52%
Dresden
43%
Rostock
35%
Kassel
30%
Bonn
17%
Saarbrücken
9%
Keine übereinstimmenden Quizze gefunden
Verteilung der Resultate
Anzahl Personen mit jedem Resultat
Perzentil nach korrekt beantworteten Fragen
Ihre Resultats-Entwicklung
Sie haben dieses Quiz seit der letzten Aktualisierung nicht gespielt